000 01847nam a2200229Ia 4500
003 Ost
005 20260507075140.0
008 260507s9999||||xx |||||||||||||| ||und||
020 _a9051383977
040 _cfsecg
041 _aara
082 _a330
100 _aأبو زيد، محمد المبروك
_eمؤلف
245 0 _aالمحاسبة الدولية وانعكاساتها على الدول العربية /
_c محمد المبروك أبو زيد
260 _aالقاهرة:
_bايتراك للنشر والتوزيع,
_c2005
300 _a639 صفحة؛
_bإيضاحات ؛
_c24 سم
520 _aمقدمة عامة للمحاسبة الدولية- لمحة تاريخية عن تطور المحاسبة- التنظيم المحاسبي- التنظيم المحاسبي في كل من بريطانيا وفرنسا- المحاسبة في الدول النامية- العوامل البيئية وعلاقتها بالمحاسبة- الثقافة وعلاقتها بالمحاسبة- بعض العوامل البيئية الأخرى المؤثرة على تطور النظام المحاسبي- العوامل البيئية والتصنيف المحاسبي- التوافق الدولي للمحاسبة- المحاسبة بالدول العربية- نظام المحاسبة الموحدة ومدى ملاءمته للدول العربية- عوامل أخرى تدعم ملائمة النظام المحاسبي الموحد للبيئة العربية- المحاسبة في ظل تغير الأسعار والتضخم- أسعار التحويل- ترجمة العمليات والقوائم المالية الأجنبية- الإفصاح المحاسبي
653 _aالمحاسبة
653 _aالمحاسبة الدولية
653 _aالمحاسبة- الدول العربية
942 _cكتاب
999 _c43295
_d43295